| Tag |
First Indicator |
Second Indicator |
Subfields |
| LEADER |
00000cam a2200000 4500 |
| 001 |
in00001936821 |
| 006 |
m | d | |
| 007 |
cr |n||||||||n |
| 008 |
780308s1764 enk|||| s 00| ||eng d |
| 005 |
20260407222408.4 |
| 035 |
|
|
|a (CStRLIN)ESTCT1706
|
| 040 |
|
|
|a Uk-ES
|c Uk-ES
|d CStRLIN
|d Thomson Gale
|d UtOrBLW
|
| 100 |
1 |
|
|a Churchill, Charles,
|d 1731-1764.
|
| 245 |
1 |
0 |
|a Gotham. A poem. Book I. By C. Churchill.
|
| 246 |
3 |
|
|a Gotham.
|f Book 1
|
| 264 |
|
3 |
|a London :
|b printed for the author, and sold by W. Flexney; G. Kearsley; C. Henderson; J. Coote; J. Gardiner; and J. Almon,
|c 1764.
|
| 300 |
|
|
|a 4 unnumbered pages, 24p. ;
|c 4⁰.
|
| 336 |
|
|
|a text
|b txt
|2 rdacontent
|
| 337 |
|
|
|a computer
|b c
|2 rdamedia
|
| 338 |
|
|
|a online resource
|b cr
|2 rdacarrier
|
| 500 |
|
|
|a The first of 3 books, each with separate half-title, titlepage, pagination and register.
|
| 500 |
|
|
|a P. 5 has signature: C.
|
| 500 |
|
|
|a Also issued, without a titlepage, as part of: 'Poems by C. Churchill', volume 2, London, 1765.
|
| 500 |
|
|
|a Reproduction of original from the British Library.
|
| 510 |
4 |
|
|a Grant,
|c 13
|
| 510 |
4 |
|
|a English Short Title Catalog,
|c ESTCT1706.
|
| 533 |
|
|
|a Electronic reproduction.
|b Farmington Hills, Mich. :
|c Thomson Gale,
|d 2003.
|n Available via the World Wide Web.
|n Access limited by licensing agreements
|7 s2003 miunns
|
| 500 |
|
|
|a Electronic resource.
|
| 830 |
|
0 |
|a Eighteenth century collections online.
|
| 856 |
4 |
0 |
|u http://proxy.library.tamu.edu/login?url=https://galenet.galegroup.com/servlet/ECCO?c=1&stp=Author&ste=11&af=BN&ae=T001706&tiPG=1&dd=0&dc=flc&docNum=CW114249655&vrsn=1.0&srchtp=a&d4=0.33&n=10&SU=0LRK&locID=txshracd2898
|z Full text online
|t 0
|
| 999 |
|
|
|a MARS
|
| 999 |
f |
f |
|s 797f4b18-df1d-316d-b5da-7430351005e6
|i 6a283fba-1b06-3527-8344-410588feebdd
|t 0
|
| 952 |
f |
f |
|a Texas A&M University
|b College Station
|c Electronic Resources
|s www_evans
|d Available Online
|t 0
|h No information provided
|
| 998 |
f |
f |
|t 0
|l Available Online
|